Ingeniería industrial alimentaria : procesos físicos de conservación /

Contenido: Transferencias de calor por convección y por conducción; Los intercambiadores de calor; Calentamiento por radiación; Tratamientos térmicos; Tratamiento ionizante de los alimentos; El escaldado; La congelación; La eliminación de agua.

Tallennettuna:
Bibliografiset tiedot
Päätekijä: Mafart, Pierre (autor)
Aineistotyyppi: Kirja
Kieli:espanja
Julkaistu: Zaragoza, España : Acribia, 1994, c1994
Aiheet:
Tagit: Lisää tagi
Ei tageja, Lisää ensimmäinen tagi!

MARC

LEADER 00000nam^a2200000^a^4500
001 000182957
005 20250521000000.0
009 20260310102024.398
020 |a 84-200-0750-1 
037 |a Acervo ITESO - Biblioteca 
041 |a ESP 
082 |a 664. 02  |b MAF V. 1 
100 |a Mafart, Pierre  |e (autor) 
245 1 0 |a Ingeniería industrial alimentaria :  |b procesos físicos de conservación /  |c P. Mafart ; tr. por Montserrat Mor-Mur Francesch... [et al.]. 
264 4 |a Zaragoza, España :  |b Acribia,  |c 1994, c1994 
300 |a XII, 285 p. 
336 |a texto  |b txt  |2 rdacontenido 
337 |a sin mediación  |b n  |2 rdamedio 
338 |a volumen  |b nc  |2 rdasoporte 
500 |a Traducción de: Génie Industriel Alimentaire. Tome I: Les procédés physiques de conservation 
520 |a Contenido: Transferencias de calor por convección y por conducción; Los intercambiadores de calor; Calentamiento por radiación; Tratamientos térmicos; Tratamiento ionizante de los alimentos; El escaldado; La congelación; La eliminación de agua. 
649 |a XX 
650 |a Industria Alimenticia 
650 |a Alimentos y Bebidas -  |x Conservación 
650 |a Intercambiadores de Calor 
650 |a Transferencia de Calor 
650 |a Operaciones Unitarias 
650 |a Tecnología de Alimentos 
650 |a Ingeniería de Procesos 
650 |a Ingeniería Química 
910 |a Fondo General 
920 |a Impresos - Libros 
930 |a Colección General 
905 |a 101 
901 |a 0500123168  |b IT1  |c ACC  |u 20250521 
902 |a https://opac.biblio.iteso.mx/vufind/Record/000182957